Score 0/24 Timer 02:00
0 Plays Today
Hint Missing Surname % Correct
Jodie _____Foster
92.3%
Audrey _____Hepburn
92.1%
Meryl _____Streep
92%
Sandra _____Bullock
91.5%
Nicole _____Kidman
84.6%
Charlize _____Theron
84.3%
Ingrid _____Bergman
83.2%
Sally _____Field
82.6%
Cate _____Blanchett
81.9%
Judi _____Dench
80.4%
Natalie _____Portman
77.9%
Kathy _____Bates
75.5%
Hint Missing Surname % Correct
Jane _____Fonda
73.4%
Hilary _____Swank
73.2%
Julia _____Roberts
71.7%
Holly _____Hunter
64.2%
Elizabeth _____Taylor
63.9%
Helen _____Mirren
62.1%
Kate _____Winslet
58.6%
Felicity _____Huffman
53.8%
Emma _____Thompson
48.6%
Marlee _____Matlin
46.8%
Jessica _____Lange
44%
Jessica _____Chastain
29.8%

Today's Daily Dose

Remove Ads.
Support Sporcle.
Get the best of Sporcle when you Go Orange. This ad-free experience offers more features, more stats, and more fun while also helping to support Sporcle. Thank you for becoming a member.

You're not logged in!

Compare scores with friends on all Sporcle quizzes.
OR
Log In

Show Comments

Extras

Top Quizzes Today


Score Distribution

Your Account Isn't Verified!

In order to create a playlist on Sporcle, you need to verify the email address you used during registration. Go to your Sporcle Settings to finish the process.

Report this User

Report this user for behavior that violates our Community Guidelines.

Details: